|
|
|
|
| LEADER |
01198nam a2200301 4500 |
| 001 |
DLU140165619 |
| 005 |
##20141112 |
| 040 |
# |
# |
|a DLU
|b vie
|
| 041 |
# |
# |
|a vie
|
| 044 |
# |
# |
|a vn
|
| 082 |
# |
# |
|a 959.703
|b NG-A
|
| 100 |
# |
# |
|a Nguyễn Thị Vân Anh.
|
| 245 |
# |
# |
|a Phong trào đấu tranh chống Pháp của nhân dân Khánh Hoà : 1884 - 1914 :
|b Tóm tắt Luận văn Thạc sĩ Lịch sử Việt Nam /
|c Nguyễn Thị Vân Anh; Bùi Văn Hùng hướng dẫn.
|
| 260 |
# |
# |
|a Đà Lạt :
|b Trường Đại học Đà lạt,
|c 2013.
|
| 300 |
# |
# |
|a 23 tr. ;
|c 21 cm.
|
| 505 |
# |
# |
|a Chương 1. Tổng quan về Khánh Hoà -- Chương 2. Phong trào đấu tranh chống Pháp của nhân dân Khánh Hoà (1884-1914) -- Chương 3. Một vài nhận xét, đánh giá.
|
| 651 |
# |
# |
|a Khánh Hoà (Việt Nam)
|x Lịch sử.
|
| 700 |
# |
# |
|a Bùi Văn Hùng,
|c TS.
|e hướng dẫn.
|
| 915 |
# |
# |
|a Lịch sử Việt Nam
|c Thạc sĩ
|d Trường Đại học Đà lạt
|e Bộ Giáo dục và Đào tạo.
|
| 992 |
# |
# |
|a 0
|
| 994 |
# |
# |
|a DLU
|
| 900 |
# |
# |
|a True
|
| 911 |
# |
# |
|a Đào Thị Thu Huyền
|
| 925 |
# |
# |
|a G
|
| 926 |
# |
# |
|a A
|
| 927 |
# |
# |
|a LA
|
| 980 |
# |
# |
|a Thư viện Trường Đại học Đà Lạt
|